Équipes en Ligue Europa (2024-2025) - Statistiques

Statistiques générales
  • Ce quiz a été pris 103 fois
    101 depuis la dernière actualisation
  • Le résultat moyen est 17 sur 36
Statistiques - réponses
Pays Club % Correct
France OGC Nice
92%
France Olympique Lyonnais
91%
Angleterre Manchester United
81%
Allemagne Eintracht Francfort
76%
Angleterre Tottenham
76%
Italie Lazio
65%
Grèce Olympiakos
62%
Ecosse Rangers
62%
Pays-Bas Ajax Amsterdam
58%
Turquie Fenerbahçe
58%
Espagne Atheltic Bilbao
55%
Espagne Real Sociedad
55%
Turquie Galatasaray
54%
Italie AS Rome
53%
Turquie Beşiktaş
53%
Portugal FC Porto
53%
Allemagne Hoffenheim
50%
Norvège Bodø/Glimt
45%
Belgique Anderlecht
43%
Tchéquie Slavia Prague
42%
Roumanie FCSB
41%
Portugal SC Braga
38%
Suède Malmö
36%
Hongrie Ferencvaros
35%
Ukraine Dynamo Kiev
34%
Bulgarie Ludogorets
34%
Azerbaïdjan Qarabag
34%
Pays-Bas FC Twente
32%
Belgique Union Saint-Gilloise
32%
Pays-Bas AZ Alkmaar
31%
Grèce PAOK Salonique
26%
Lettonie RFS
24%
Tchéquie Viktoria Plzen
23%
Suède Elfsborg
18%
Israël Maccabi Tel Aviv
18%
Danemark Midtjylland
14%
Aucun quiz correspondant
Distribution des résultats
% des personnes avec chaque résultat
Percentile par nombre de réponses
Votre historique - résultats
Vous n’avez pas pris ce quiz depuis la dernière actualisation